Applied ethics : (Record no. 48982)

MARC details
000 -LEADER
fixed length control field 00891cam a2200301 a 4500
001 - CONTROL NUMBER
control field 13679342
003 - CONTROL NUMBER IDENTIFIER
control field 0
005 - DATE AND TIME OF LATEST TRANSACTION
control field 20170224152143.0
008 - FIXED-LENGTH DATA ELEMENTS--GENERAL INFORMATION
fixed length control field 040806s2006 nju b 000 0 eng
010 ## - LIBRARY OF CONGRESS CONTROL NUMBER
LC control number 2004057642
020 ## - INTERNATIONAL STANDARD BOOK NUMBER
International Standard Book Number 0131898027
020 ## - INTERNATIONAL STANDARD BOOK NUMBER
International Standard Book Number 9780131898028
040 ## - CATALOGING SOURCE
Transcribing agency SPU
042 ## - AUTHENTICATION CODE
Authentication code pcc
050 00 - LIBRARY OF CONGRESS CALL NUMBER
Classification number BJ 1031
Item number .A66 2006
130 0# - MAIN ENTRY--UNIFORM TITLE
Uniform title Applied ethics (May)
245 10 - TITLE STATEMENT
Title Applied ethics :
Remainder of title a multicultural approach /
Statement of responsibility, etc edited by Larry May, Shari Collins-Chobanian, Kai Wong.
250 ## - EDITION STATEMENT
Edition statement 4th ed.
260 ## - PUBLICATION, DISTRIBUTION, ETC. (IMPRINT)
Place of publication, distribution, etc Upper Saddle River, N.J. :
Name of publisher, distributor, etc Pearson Prentice Hall,
Date of publication, distribution, etc 2006.
300 ## - PHYSICAL DESCRIPTION
Extent vii, 684 p. ;
Dimensions 24 cm.
504 ## - BIBLIOGRAPHY, ETC. NOTE
Bibliography, etc Includes bibliographical references.
650 #0 - SUBJECT ADDED ENTRY--TOPICAL TERM
Topical term or geographic name as entry element Applied ethics.
650 #0 - SUBJECT ADDED ENTRY--TOPICAL TERM
Topical term or geographic name as entry element Multiculturalism
General subdivision Moral and ethical aspects.
700 1# - ADDED ENTRY--PERSONAL NAME
Personal name May, Larry.
700 1# - ADDED ENTRY--PERSONAL NAME
Personal name Collins-Chobanian, Shari.
700 1# - ADDED ENTRY--PERSONAL NAME
Personal name Wong, Kai.
942 ## - ADDED ENTRY ELEMENTS (KOHA)
Source of classification or shelving scheme Library of Congress Classification
Koha item type Book
Holdings
Withdrawn status Lost status Source of classification or shelving scheme Damaged status Not for loan Collection code Home library Current library Shelving location Date acquired Source of acquisition Cost, normal purchase price Total Checkouts Full call number Barcode Date last seen Date checked out Copy number Price effective from Koha item type
    Library of Congress Classification     Non-fiction Bishop Okullu Memorial Library (Limuru Campus) Bishop Okullu Memorial Library (Limuru Campus) General Circulation 24/02/2017 Donation-BFA 1000.00 5 BJ 1031 .A66 2006 051159 24/10/2023 23/10/2023 1 24/02/2017 Book